000 00785nam a22002537a 4500
003 dpl
005 20180621154028.0
008 180621b xxu||||| |||| 00| 0 eng d
010 _aB-192080
020 _a0070597545
035 _aB-192080, B-192087
037 _bCen Lib/Ret
040 _aDPL
_bEN
_c0
082 _a658.409
_bKOZ
100 _aKozicki, Stephen
_996718
245 _aThe persuasive presenter /
_cby Stephen Kozicki [and] Gary Peacock
260 _bTata McGraw-Hill Publishing Co. Ltd
_aNew Delhi
_c2005
270 _bNew Delhi
_a7th West Patel Nagar
_e110008
300 _a286p.
_c20cm(Hb)
650 _aExecutive skill
_9104328
650 _aGeneral management
_916441
700 _aPeacock, Gary
_9101342
942 _2ddc
_cEN
_h658.409
_mKOZ
999 _c136092
_d136092